00621nam a2200145 a 450000100100000000500170001000800410002704000250006808200160009311001120010924000190022124501500024026000640039030000210045400004507320201002045845.0100218s1978 dr r 000 0 spa d aDO-SdBNPbspacBNPHU axxxxbR426l1 aRepública DominicanabSecretaría de Estado de FinanzasbDirección General de Impuestos Sobre la Renta10a[ leyes. etc.]10aLey No. 5911 de impuestos sobre la renta y sus modificaciones :breglamentos para su aplicación y resolución No. 1 de la dirección general. aSanto Domingo :bSecretaría de Estado de Finanzas,c1978. a226 p. ;c21 cm.